Tutorials in paediatric differential diagnosis (Record no. 1630)

MARC details
000 -LEADER
fixed length control field 00927pam a2200289 a 4500
001 - CONTROL NUMBER
control field 3856905
003 - CONTROL NUMBER IDENTIFIER
control field OSt
005 - DATE AND TIME OF LATEST TRANSACTION
control field 20230928073145.0
008 - FIXED-LENGTH DATA ELEMENTS--GENERAL INFORMATION
fixed length control field 880927s1989 stka 001 0 eng c
010 ## - LIBRARY OF CONGRESS CONTROL NUMBER
LC control number 88030240
020 ## - INTERNATIONAL STANDARD BOOK NUMBER
International Standard Book Number 0443036772
040 ## - CATALOGING SOURCE
Original cataloging agency DNLM/DLC
Transcribing agency DLC
Modifying agency DLC
050 10 - LIBRARY OF CONGRESS CALL NUMBER
Classification number RJ51.D53
Item number F54 1989
060 ## - NATIONAL LIBRARY OF MEDICINE CALL NUMBER
Classification number WS 141 F453p
082 00 - DEWEY DECIMAL CLASSIFICATION NUMBER
Classification number WS141 F453p 1995
Edition number 19
100 1# - MAIN ENTRY--PERSONAL NAME
Personal name Field, David J.; Isaacs, David; Stroobant, John.
9 (RLIN) 4293
245 10 - TITLE STATEMENT
Title Tutorials in paediatric differential diagnosis
260 ## - PUBLICATION, DISTRIBUTION, ETC. (IMPRINT)
Place of publication, distribution, etc. Edinburgh ;
Name of publisher, distributor, etc. Churchill Livingstone,
Date of publication, distribution, etc. 1989.
300 ## - PHYSICAL DESCRIPTION
Extent 188 p. :
Other physical details ill. ;
Dimensions 25 cm.
500 ## - GENERAL NOTE
General note Spine title: Paediatric differential diagnosis.
500 ## - GENERAL NOTE
General note Includes index.
650 #0 - SUBJECT ADDED ENTRY--TOPICAL TERM
Topical term or geographic name as entry element Children
General subdivision Diseases
-- Diagnosis.
9 (RLIN) 4294
650 #0 - SUBJECT ADDED ENTRY--TOPICAL TERM
Topical term or geographic name as entry element Diagnosis, Differential.
9 (RLIN) 1614
740 0# - ADDED ENTRY--UNCONTROLLED RELATED/ANALYTICAL TITLE
Uncontrolled related/analytical title Paediatric differential diagnosis.
906 ## - LOCAL DATA ELEMENT F, LDF (RLIN)
a 7
b cbc
c orignew
d 1
e ocip
f 19
g y-gencatlg
942 ## - ADDED ENTRY ELEMENTS (KOHA)
Source of classification or shelving scheme Other/Generic Classification Scheme
Koha item type Short Loan
Holdings
Withdrawn status Lost status Source of classification or shelving scheme Damaged status Not for loan Home library Current library Date acquired Source of acquisition Inventory number Total Checkouts Full call number Barcode Date last seen Koha item type
    Other/Generic Classification Scheme     MUST Main Library MUST Main Library 28/04/2015 Purchase 95/7559   WS141 F453p 1995 2015-1220 28/04/2015 Short Loan